000
00271nam a2200109 a 4500
005
20201002053129.0
008
180326s2017 000 spa d
020
_a
9789945894660
245
3
_a
La educación en Cuba :.
260
_a
Santo Domingo,
_c
2017.
999
_c
46287
_d
46287
040
_a
DO-SdBNP